| 000 | 00488 a2200169 4500 | ||
|---|---|---|---|
| 003 | Nust | ||
| 005 | 20251015130743.0 | ||
| 040 | _cNust | ||
| 082 | _a621.382 | ||
| 100 |
_aButt, Capt Asam (TE-22) _9131159 |
||
| 245 |
_aActive filters- ACT 1+1 / _cCapt Asam Butt & Capt Jamal Gilani , Capt Javed Sarwar , Capt Tahir Khan and Capt Tariq Shuja |
||
| 260 |
_bUET, Lahore _aMCS _c1990 |
||
| 300 | _a32 :p.; | ||
| 650 |
_aUG Projects _998716 |
||
| 651 |
_aTE-22 _9131158 |
||
| 942 |
_cPR _2ddc |
||
| 999 |
_c182050 _d182050 |
||